000 00670nam a2200193Ia 4500
005 20250508155831.0
008 008 250505s9999 xx 000 0 eng d
037 _aDissertations
040 _aFEDL
_beng
_cFEDL
041 _aeng
_2eng
084 _a507, CHA/DI
_qFEDL
100 _aChaudhary Samarendra Nath
_9767601
245 0 _aConstruction of a short unit programme teaching in science based on an organised field trip and evaluation of its out come by administering and objective test
260 _c1954
300 _a74p.
546 _aM.Ed. Dissertations, 1954 (Delhi University)
942 _cDIS
_h507, CHA/DI
999 _c1359516
_d1359516